Sports Quiz

Random Sports or NBA Quiz
Score 0/100 Timer 10:00
228 Plays Today
Rank Player % Correct
1Michael Jordan
97.9%
3*LeBron James
96.1%
4Magic Johnson
89.2%
12Kobe Bryant
86.3%
2Kareem Abdul-Jabbar
86.3%
9Shaquille O'Neal
86.2%
23*Stephen Curry
85.4%
6Larry Bird
85.2%
5Wilt Chamberlain
84.5%
84Dennis Johnson
83.7%
22*Kevin Durant
83%
8Tim Duncan
81.7%
13Jerry West
81.3%
7Bill Russell
79.5%
16Karl Malone
74.1%
15Moses Malone
72.9%
25Scottie Pippen
72.2%
27Dwyane Wade
71%
10Hakeem Olajuwon
70.7%
49*Russell Westbrook
69.3%
19John Stockton
68.4%
17Dirk Nowitzki
68.3%
21Kevin Garnett
67.5%
46Allen Iverson
65.9%
29*Chris Paul
64.9%
30Steve Nash
63.5%
26Isiah Thomas
63.2%
50Ray Allen
62.5%
20David Robinson
62.3%
97*James Harden
61.6%
11Oscar Robertson
61.5%
45Paul Pierce
60.5%
18Charles Barkley
59.9%
64Dennis Rodman
59.6%
Rank Player % Correct
14Julius Erving
59%
58Tony Parker
57.4%
69*Vince Carter
56.9%
32Patrick Ewing
56.3%
35Jason Kidd
56%
59*Carmelo Anthony
54.7%
86Chris Bosh
52.2%
63Tracy McGrady
50.4%
67*Dwight Howard
49.9%
82David Thompson
49.6%
56*Pau Gasol
49.2%
95*Marc Gasol
48.7%
31Kevin McHale
47.4%
36Clyde Drexler
47.4%
39Bob Cousy
46.7%
51Reggie Miller
46.4%
41Gary Payton
44.5%
61Manu Ginobili
44.1%
24Elgin Baylor
43.9%
89Yao Ming
43.5%
99*Kevin Love
42.1%
44Dominique Wilkins
41.7%
43James Worthy
40.2%
28John Havlicek
39.5%
75*Blake Griffin
38.2%
100Shawn Kemp
38.2%
57Robert Parish
37.1%
34Bob Pettit
37.1%
42Bill Walton
35.2%
47George Gervin
34.2%
78Sam Jones
34.2%
73Dikembe Mutombo
34.1%
96Bobby Jones
34%
33George Mikan
33.9%
Rank Player % Correct
71Pete Maravich
33.1%
77Joe Dumars
32%
66Chris Webber
31.8%
38Walt Frazier
31.7%
37Rick Barry
31.1%
65Alonzo Mourning
30.4%
87Chauncey Billups
29.7%
40Elvin Hayes
29.7%
83Chris Mullin
29.2%
48Willis Reed
28.2%
53Wes Unseld
27.9%
62Alex English
26.9%
80Grant Hill
25.4%
52Bob McAdoo
24.3%
54Bernard King
22.5%
76Nate Archibald
21.5%
55Dave Cowens
20.6%
60Earl Monroe
18.9%
94Mark Price
18.4%
72Adrian Dantley
18%
98Gail Goodrich
17.1%
74Dolph Schayes
16.9%
79Jerry Lucas
16.8%
70Artis Gilmore
16.7%
93Lenny Wilkens
16.4%
92Nate Thurmond
15.5%
68Bob Lanier
15.5%
91Maurice Cheeks
15.2%
81Sidney Moncrief
14.1%
85Dave DeBusschere
13.2%
90Paul Arizin
13.1%
88Billy Cunningham
12.4%
Come Together.
Have Fun.
All Virtual.
We all need to come together. Play Sporcle's virtual live trivia to have fun, connect with people, and get your trivia on. Join a live hosted trivia game for your favorite pub trivia experience done virtually. If a virtual private party is more your thing, go here for details.

You're not logged in!

Compare scores with friends on all Sporcle quizzes.
OR
Log In

Sporcle TV

Today on Sporcle TV


Watch our educational content, quiz creation guides, and fun videos on Sporcle TV.

Show Comments

Extras

Top Quizzes Today


Score Distribution

Paid Content

Your Account Isn't Verified!

In order to create a playlist on Sporcle, you need to verify the email address you used during registration. Go to your Sporcle Settings to finish the process.

Report this User

Report this user for behavior that violates our Community Guidelines.

Details: